<?xml version="1.0" encoding="utf-8"?>
<?xml-stylesheet type='text/xsl' href='./oai2.xsl'?>
<OAI-PMH xmlns="http://www.openarchives.org/OAI/2.0/" xmlns:xsi="http://www.w3.org/2001/XMLSchema-instance" xsi:schemaLocation="http://www.openarchives.org/OAI/2.0/ http://www.openarchives.org/OAI/2.0/OAI-PMH.xsd">
  <responseDate>2026-06-06T12:33:58Z</responseDate>
  <request verb="GetRecord" metadataPrefix="marcxml" identifier="record_kuniweb_31754">https://kulturerbe.niedersachsen.de/oai</request>
  <GetRecord>
    <record>
      <header>
        <identifier>record_kuniweb_31754</identifier>
        <datestamp>2016-07-25T06:49:11Z</datestamp>
        <setSpec>slg0108</setSpec>
      </header>
      <metadata>
        <marc:record xmlns:marc="http://www.loc.gov/MARC21/slim" xsi:schemaLocation="http://www.loc.gov/MARC21/slim http://www.loc.gov/standards/marcxml/schema/MARC21slim.xsd">
          <marc:leader>12345nrm  22     uu 4500</marc:leader>
          <marc:controlfield tag="001">31754</marc:controlfield>
          <marc:controlfield tag="003">http://kuniweb.gbv.de</marc:controlfield>
          <marc:controlfield tag="005">2016-07-18T17:25:54</marc:controlfield>
          <marc:controlfield tag="008">|           ||||||||||||||||||||||</marc:controlfield>
          <marc:datafield tag="245" ind1="1" ind2="0">
            <marc:subfield code="a">Plastik</marc:subfield>
          </marc:datafield>
          <marc:datafield tag="700" ind1="1" ind2=" ">
            <marc:subfield code="a">Meier</marc:subfield>
            <marc:subfield code="d">* 1903 † 1996</marc:subfield>
            <marc:subfield code="e">Künstler</marc:subfield>
          </marc:datafield>
          <marc:datafield tag="655" ind1=" " ind2="7">
            <marc:subfield code="a">Alltagskultur</marc:subfield>
          </marc:datafield>
          <marc:datafield tag="046" ind1=" " ind2=" ">
            <marc:subfield code="k">1925</marc:subfield>
            <marc:subfield code="k">1925 - 1929</marc:subfield>
            <marc:subfield code="l">1929</marc:subfield>
          </marc:datafield>
          <marc:datafield tag="260" ind1=" " ind2=" ">
            <marc:subfield code="g">1925</marc:subfield>
            <marc:subfield code="g">1929</marc:subfield>
            <marc:subfield code="g">1925 - 1929</marc:subfield>
          </marc:datafield>
          <marc:datafield tag="300" ind1=" " ind2=" ">
            <marc:subfield code="a">Durchmesser: 4 cm (Ausgußtülle)
Durchmesser: 7,5 cm (Einfülltülle)
Durchmesser: 13 cm (Boden)
Länge: 28 cm
Höhe: 14 cm (min.)
Höhe: 18 cm (max.)</marc:subfield>
          </marc:datafield>
          <marc:datafield tag="520" ind1=" " ind2=" ">
            <marc:subfield code="a">Gießgefäß nach mittelamerikanischen Vorbildern, auf hohem Fuß, gedreht und nach oben geschlossen, gedrehte zylinderische Einfüllöffnung, angeformter Ausguß, Henkel mit Steg zwischen Ausguß und Einfüllöffnung, applizierte Augen an Ausgußöffnung;
roter Ton, verschieden farbige Engoben, poliert (KERAMIK.UM - Ausstellungs- und Aktionshaus Fredelsloh)

Aufschrift:
Otto Meier (Marke eingeritzt auf Boden, Ritzzeichen von 1925-1929)

Verwendungszweck:
Kunstkeramik

Literatur in Zusammenhang:
O. Meier und Haase, H. -W., „Keramik von Otto Meier : zur Sonderausstellung vom 7.11. bis zum 14.12.75. Hefte des Focke-Museums Bremen ; 45“. Focke-Museum [u.a.], Bremen, 1975.

Literatur in Zusammenhang:
O. Meier, Knorre, A. von, und Bürkner, P. -W., „Otto Meier : 90 Jahre - 90 Keramiken ; Städtische Galerie im Schlosspark Strünkede, Herne, 10. Juni bis 21. August 1994 ; Keramion, Museum für Zeitgenössische Keramische Kunst, Frechen, 4. September bis 27. November 1994. Das Emschertal-Museum ; Bd. 41“. Emschertal-Museum, Herne, 1994.

Literatur in Zusammenhang:
G. Reineking von Bock, „Meister der deutschen Keramik 1900 bis 1950 : Kunstgewerbemuseum der Stadt Köln, Overstolzenhaus, Ausstellung 10. Februar bis 30. April 1978. Meister der deutschen Keramik neunzehnhundert bis neunzehnhundertfünfzig“. Kunstgewerbemuseum, Köln, 1978.</marc:subfield>
          </marc:datafield>
          <marc:datafield tag="650" ind1="1" ind2=" ">
            <marc:subfield code="a">Bildwerke/Bildende Kunst</marc:subfield>
          </marc:datafield>
          <marc:datafield tag="773" ind1="0" ind2=" ">
            <marc:subfield code="t">Fredelsloher Sammlung</marc:subfield>
          </marc:datafield>
          <marc:datafield tag="852" ind1=" " ind2=" ">
            <marc:subfield code="a">KERAMIK.UM</marc:subfield>
          </marc:datafield>
          <marc:datafield tag="852" ind1=" " ind2=" ">
            <marc:subfield code="a">Worpswede</marc:subfield>
          </marc:datafield>
          <marc:datafield tag="" ind1=" " ind2=" ">
            <marc:subfield code="a">Namensnennung - Weitergabe unter gleichen Bedingungen 4.0 International (CC BY-SA 4.0)</marc:subfield>
          </marc:datafield>
        </marc:record>
      </metadata>
    </record>
  </GetRecord>
</OAI-PMH>
